000 01043nas a2200349 4500
001 BR2017000936
003 BR-BrBNA
005 20231205130901.0
007 ta
008 230509b bl.|||p| |||| 00| 00por d
040 _aBR-BrBNA
_bpor
_cBiblioteca Nacional de Agricultura
041 _a(Pt)
072 _aF30; H20
100 1 _aGuimarães, S.E.
100 1 _aResende, M.LV.
100 1 _aSantos, D.M. dos
100 1 _aMonteiro, A.C.A.
100 1 _aVasconcelos, V.A.M.
100 1 _aSIlva Júnior, M.B. da
245 1 _aIndutores de resistência no controle da cercosporiose do cafeeiro: Análise de genes relacionados à defesa
650 _aCAFÉ
650 _aMUDA
650 _aPRÁTICA CULTURAL
650 _aDOENÇA DE PLANTA
650 _aCERCOSPORIOSE
650 _aEXTRATO VEGETAL
650 _aFUNGICIDA
650 _aGENE
773 0 _tCoffee Science (Brazil)
_xISSN 1809-6875
_g(Jul-Sep 2016), v. 11(3) p. 308-317
_wBR2017000936
909 _a202311
_bLúcia
_c55
_dLúcia Elande
942 _2AGRIS
_n0
_cANA
999 _c251842
_d251842